[Event "IBCA EU-chT blind 03rd"]
[Site "Genova"]
[Date "2023.04.24"]
[Round "5.1"]
[White "Casadei, Marco"]
[Black "Kolpakov, Vladyslav"]
[Result "1-0"]
[WhiteElo "1982"]
[BlackElo "2248"]
[PlyCount "69"]
[EventDate "2023.04.20"]
[EventType "team-swiss"]
[EventRounds "9"]
[EventCountry "ITA"]
[SourceTitle "CBM 213 Extra"]
[Source "ChessBase"]
[SourceDate "2023.05.31"]
[SourceVersion "1"]
[SourceVersionDate "2023.05.31"]
[SourceQuality "1"]
[WhiteTeam "Italy"]
[BlackTeam "Ukraine"]
[WhiteTeamCountry "ITA"]
[BlackTeamCountry "UKR"]

1. e4 e6 2. d4 d5 3. Nc3 Nf6 4. Bg5 Bb4 5. e5 h6 6. Bd2 Bxc3 7. bxc3 Ne4 8. Qg4 Kf8 9. Bd3 Nxd2 10. Kxd2 c5 11. Nf3 c4 12. Be2 b5 13. Rhb1 Bd7 14. h4 Nc6 15. Qf4 Rb8 16. g4 b4 17. cxb4 Nxb4 18. c3 Nc6 19. Bd1 Be8 20. Bc2 Rb6 21. g5 Qe7 22. g6 f6 23. h5 Bd7 24. Rxb6 axb6 25. Rb1 Ke8 26. exf6 gxf6 27. Rxb6 Rf8 28. Qxh6 Kd8 29. Qe3 e5 30. h6 e4 31. g7 Re8 32. Nh4 Kc7 33. Rb1 Be6 34. Qg3+ Kc8 35. h7 1-0

[Event "IBCA World-chT blind 9th"]
[Site "Ohrid"]
[Date "2022.06.28"]
[Round "1.3"]
[White "Casadei, Marco"]
[Black "Draghici Flutur, Gavril"]
[Result "0-1"]
[WhiteElo "1987"]
[BlackElo "2100"]
[PlyCount "44"]
[EventDate "2022.06.28"]
[EventType "team-swiss"]
[EventRounds "9"]
[EventCountry "MKD"]
[SourceTitle "EXT 2024"]
[Source "ChessBase"]
[SourceDate "2023.10.10"]
[SourceVersion "1"]
[SourceVersionDate "2023.10.10"]
[SourceQuality "1"]
[WhiteTeam "Italy"]
[BlackTeam "Spain"]
[WhiteTeamCountry "ITA"]
[BlackTeamCountry "ESP"]

1. e4 c5 2. Nf3 d6 3. d4 Nf6 4. Nc3 cxd4 5. Nxd4 Nc6 6. Bc4 e6 7. Be3 Be7 8. Qe2 0-0 9. 0-0-0 a6 10. Rhg1 Nxd4 11. Bxd4 b5 12. Bb3 b4 13. Na4 Bd7 14. Nb6 Bb5 15. Bc4 Rb8 16. Bxb5 axb5 17. Qxb5 e5 18. Be3 Ng4 19. Bc5 Qc7 20. Qd7 Qxc5 21. Nd5 Bg5+ 22. f4 Ne3 0-1

[Event "Arco op 42nd"]
[Site "Arco"]
[Date "2020.10.14"]
[Round "5.28"]
[White "Bruessow, Jakob"]
[Black "Casadei, Marco"]
[Result "1/2-1/2"]
[WhiteElo "1831"]
[BlackElo "1939"]
[PlyCount "54"]
[EventDate "2020.10.10"]
[EventType "swiss"]
[EventRounds "9"]
[EventCountry "ITA"]
[SourceTitle "CBM 198 Extra"]
[Source "ChessBase"]
[SourceDate "2020.11.30"]
[SourceVersion "1"]
[SourceVersionDate "2020.11.30"]
[SourceQuality "1"]

1. e4 c5 2. Nf3 d6 3. d4 cxd4 4. Nxd4 Nf6 5. Nc3 g6 6. Be3 Bg7 7. f3 Nc6 8. Qd2 0-0 9. g4 Be6 10. Nxe6 fxe6 11. 0-0-0 Ne5 12. Be2 Rc8 13. h4 Nc4 14. Bxc4 Rxc4 15. e5 Ne8 16. f4 Qa5 17. Bd4 dxe5 18. fxe5 Bxe5 19. Bxe5 Qxe5 20. Rhe1 Qf6 21. g5 Qf5 22. Qe2 Rc6 23. Rf1 Qa5 24. Rxf8+ Kxf8 25. Rf1+ Kg8 26. Qf2 Qf5 27. Qe2 Qa5 1/2-1/2

[Event "IBCA Wch blind 14th"]
[Site "Cagliari"]
[Date "2019.04.10"]
[Round "5"]
[White "Casadei, Marco"]
[Black "Vela Ignacio, Jose Manuel"]
[Result "0-1"]
[WhiteElo "1921"]
[BlackElo "2038"]
[PlyCount "50"]
[EventDate "2019.04.06"]
[EventType "swiss"]
[EventRounds "9"]
[EventCountry "ITA"]
[SourceTitle "CBM 189 Extra"]
[Source "ChessBase"]
[SourceDate "2019.06.03"]
[SourceVersion "1"]
[SourceVersionDate "2019.06.03"]
[SourceQuality "1"]

1. e4 e5 2. Nf3 Nc6 3. Bc4 Nf6 4. Ng5 d5 5. exd5 b5 6. Bf1 Qxd5 7. Nc3 Qc5 8. Bxb5 Be7 9. Qf3 Bb7 10. Qe3 Qb4 11. Nge4 0-0-0 12. a3 Qd4 13. Nxf6 gxf6 14. Ne4 f5 15. Bxc6 Bxc6 16. Qxd4 exd4 17. Ng3 Bxg2 18. Rg1 Bf3 19. d3 Rde8 20. Kf1 Bd6 21. Bg5 Rhg8 22. Bf6 c5 23. Re1 Rxe1+ 24. Kxe1 f4 25. Ne4 Re8 0-1

[Event "IBCA Wch blind 14th"]
[Site "Cagliari"]
[Date "2019.04.08"]
[Round "3"]
[White "Casadei, Marco"]
[Black "Dayan, Itay"]
[Result "1-0"]
[WhiteElo "1921"]
[BlackElo "1409"]
[PlyCount "35"]
[EventDate "2019.04.06"]
[EventType "swiss"]
[EventRounds "9"]
[EventCountry "ITA"]
[SourceTitle "CBM 189 Extra"]
[Source "ChessBase"]
[SourceDate "2019.06.03"]
[SourceVersion "1"]
[SourceVersionDate "2019.06.03"]
[SourceQuality "1"]

1. e4 c5 2. Nf3 Nc6 3. d4 cxd4 4. Nxd4 g6 5. Bc4 Bg7 6. Be3 Nf6 7. Nc3 d6 8. Bb3 Ng4 9. Nxc6 bxc6 10. Bf4 Ba6 11. Qxg4 0-0 12. h4 d5 13. h5 dxe4 14. hxg6 c5 15. gxf7+ Kh8 16. Rxh7+ Kxh7 17. Qh5+ Bh6 18. Qxh6# 1-0

[Event "IBCA Wch blind 14th"]
[Site "Cagliari"]
[Date "2019.04.06"]
[Round "1"]
[White "Casadei, Marco"]
[Black "Dimic, Pavle"]
[Result "0-1"]
[WhiteElo "1921"]
[BlackElo "2333"]
[PlyCount "84"]
[EventDate "2019.04.06"]
[EventType "swiss"]
[EventRounds "9"]
[EventCountry "ITA"]
[SourceTitle "CBM 189 Extra"]
[Source "ChessBase"]
[SourceDate "2019.06.03"]
[SourceVersion "1"]
[SourceVersionDate "2019.06.03"]
[SourceQuality "1"]

1. e4 c5 2. Nf3 Nc6 3. d4 cxd4 4. Nxd4 Nf6 5. Nc3 d6 6. Bc4 e6 7. Be3 Be7 8. Qe2 Bd7 9. 0-0-0 Na5 10. Bb5 a6 11. Bxd7+ Nxd7 12. Qg4 0-0 13. Bh6 Bf6 14. h4 Rc8 15. Qg3 Nc4 16. Bg5 Qb6 17. Nb3 Be5 18. Bf4 Nc5 19. Bxe5 dxe5 20. h5 a5 21. Rh4 f6 22. Rg4 Rf7 23. h6 g5 24. f4 exf4 25. Rxf4 Nxb3+ 26. axb3 Qe3+ 27. Qxe3 Nxe3 28. Rff1 Nxd1 29. Rxd1 Rfc7 30. Rd2 Rc5 31. Na4 R5c6 32. Nc3 Kf8 33. Nb5 Rc5 34. Nd6 R8c7 35. Nc4 Ke7 36. Nb6 R5c6 37. Nc4 a4 38. Na5 Ra6 39. b4 Rd6 40. Rxd6 Kxd6 41. b3 axb3 42. Nxb3 Rc4 0-1

[Event "IBCA-ol blind 15th"]
[Site "Ohrid"]
[Date "2017.06.23"]
[Round "5.3"]
[White "Casadei, Marco"]
[Black "Mlacnik, Franc"]
[Result "1/2-1/2"]
[WhiteElo "1835"]
[BlackElo "2008"]
[PlyCount "68"]
[EventDate "2017.06.19"]
[EventType "team-swiss"]
[EventRounds "9"]
[EventCountry "MKD"]
[SourceTitle "CBM 179 Extra"]
[Source "ChessBase"]
[SourceDate "2017.08.23"]
[SourceVersion "1"]
[SourceVersionDate "2017.08.23"]
[SourceQuality "1"]
[WhiteTeam "Italy"]
[BlackTeam "Slovenia"]
[WhiteTeamCountry "ITA"]
[BlackTeamCountry "SLO"]

1. e4 d6 2. d4 Nf6 3. Nc3 e5 4. Nf3 Nbd7 5. Bc4 Be7 6. 0-0 0-0 7. h3 a6 8. a4 b6 9. dxe5 dxe5 10. Be3 Bb7 11. Nd2 Nc5 12. f3 Nh5 13. Nb3 Nxb3 14. Bxb3 Bg5 15. Qe1 Nf4 16. Nd5 Bh4 17. Bf2 Bxf2+ 18. Qxf2 Bxd5 19. Bxd5 Qg5 20. Kh2 Rad8 21. Bc4 Rd4 22. Bxa6 Rfd8 23. Bd3 Nxd3 24. cxd3 Rxd3 25. Qg3 Qe7 26. a5 bxa5 27. Rxa5 f6 28. Rc1 Rd1 29. Rac5 Rxc1 30. Rxc1 Rb8 31. Qf2 h5 32. Qc2 c5 33. Qxc5 Qxc5 34. Rxc5 Rxb2 1/2-1/2